| 000 | 00835nam a22002297a 4500 | ||
|---|---|---|---|
| 999 |
_c15394 _d15394 |
||
| 003 | AR-CdUCM | ||
| 008 | 190427b ||||| |||| 00| 0 spa d | ||
| 020 | _a978-607-404-938-1 | ||
| 040 |
_aMUNICIPALIDAD PROVINCIAL DEL CUSCO _cBIBLIOTECA MUNICIPAL DEL CUSCO |
||
| 041 | _hfr | ||
| 082 |
_aPI / 376.1 / _bI45 |
||
| 245 | _aMi cajita de los animales / | ||
| 260 |
_aMéxico : _bSIlver Dolphin, _c2016. |
||
| 300 |
_bIlustraciones de los animales, _c32 cm. |
||
| 500 | _aNo cuenta con numeración de paginas | ||
| 505 | _aContenido: v.1: Los animales de compañía -- v.2: Los animales de la granja -- v.3: Los animales de la sabana -- v.4: Los bebes de los animales. | ||
| 650 |
_aCaja de animales _934450 |
||
| 650 |
_aPrimera infancia _924660 |
||
| 650 |
_aInfantil _96210 |
||
| 942 |
_2ddc _cLIBROS |
||
| 945 |
_adavv _d27/04/2019 |
||